000 00408pab a2200169 454500
008 180718b1999 xxu||||| |||| 00| 0 eng d
245 _aTraining of judicial officers (Document)
260 _c1999
300 _ap.636-658.
362 _aJul-Sep
650 _aDocument
650 _aTraining
650 _aJudiciary
773 _aIndian Journal of Public Administration
908 _aN
909 _a43501
999 _c43501
_d43501